000 00448nam a2200181Ia 4500
001 23812
005 20260414151002.0
008 260414t1998||||xx |||||||||||||| ||spa||
041 _aESP
082 _a709.8554
_bS21
100 _aSan Cristóbal-Sebastián, Antonio
_eAUT
245 0 _aEsplendor del Barroco en Ayacucho
_b
260 _c1998
300 _a177 páginas :
_ccm.
650 _aABD
654 _aCAU
942 _cLIB
_dJUS
_fJUS
_2ddc
_n
999 _c23812
_d23812